[Event "Hessen-ch op-B"]
[Site "Frankfurt Sossenheim"]
[Date "2015.??.??"]
[Round "1"]
[White "Zalewski, Ulrich"]
[Black "Nesse, David"]
[Result "1-0"]
[WhiteElo "1838"]
[BlackElo "1553"]
[PlyCount "57"]
[EventDate "2015.05.13"]
[EventType "swiss"]
[EventRounds "7"]
[EventCountry "GER"]
[SourceTitle "OM OTB B 201907"]
[Source "Opening Master"]
[SourceDate "2019.07.06"]
[SourceVersion "2"]
[SourceVersionDate "2019.07.06"]
[SourceQuality "1"]

1. e4 c5 2. Nf3 Nc6 3. d4 cxd4 4. Nxd4 Nf6 5. Nc3 d6 6. Be2 e5 7. Nb3 Be7 8.
Be3 O-O 9. O-O a5 10. a4 Nb4 11. Bf3 Be6 12. Nd5 Bxd5 13. exd5 e4 14. Be2 Nbxd5
15. Bd4 Nb4 16. f3 d5 17. Nd2 Rc8 18. c3 Nc6 19. Bf2 exf3 20. Bxf3 d4 21. Bxc6
Rxc6 22. Bxd4 Nd5 23. Ne4 Rg6 24. Qh5 Qc7 25. Qxd5 Rd8 26. Qf5 Bh4 27. Qf4 Qe7
28. g3 Re8 29. Rae1 1-0

[Event "Paris-ch rapid"]
[Site "Paris"]
[Date "2015.??.??"]
[Round "?"]
[White "Guliyev, Namig"]
[Black "Abergel, Thal"]
[Result "0-1"]
[WhiteElo "2539"]
[BlackElo "2399"]
[PlyCount "102"]
[EventDate "2015.03.01"]
[EventType "swiss"]
[EventCountry "FRA"]
[SourceTitle "OM OTB B 201907"]
[Source "Opening Master"]
[SourceDate "2019.07.06"]
[SourceVersion "2"]
[SourceVersionDate "2019.07.06"]
[SourceQuality "1"]

1. e4 c5 2. Nf3 d6 3. d4 cxd4 4. Nxd4 Nf6 5. Nc3 Nc6 6. Be2 e5 7. Nf3 h6 8. O-O
Be7 9. Re1 O-O 10. Bf1 Be6 11. Nd5 Bxd5 12. exd5 Nb4 13. c4 a5 14. a3 Na6 15.
Rb1 Nd7 16. b4 f5 17. c5 dxc5 18. d6 Bf6 19. b5 Nab8 20. Qd5+ Kh8 21. Qxb7 Nb6
22. Nxe5 Bxe5 23. Rxe5 Qxd6 24. Bf4 N8d7 25. Rxf5 Qg6 26. Rxf8+ Rxf8 27. Rd1
Rxf4 28. Rxd7 Nxd7 29. Qxd7 Rf8 30. Qd2 a4 31. g3 Qf6 32. Qc2 Qd4 33. Bc4 Qa1+
34. Kg2 Qxa3 35. f4 Qb4 36. Kh3 a3 37. Qd3 Qb2 38. Qd5 Qd4 39. Qe6 Qf6 40. Qe2
Qf5+ 41. Kg2 Qc8 42. h4 Rd8 43. Qa2 Qa8+ 44. Kh3 Qf3 45. Be2 Qe3 46. Bf1 Qc1
47. Bg2 Qb2 48. Qe6 a2 49. Be4 a1=Q 50. Qg6 Qf1+ 51. Kg4 Qbe2+ 0-1

[Event "Donau op 23rd"]
[Site "Aschach"]
[Date "2014.12.27"]
[Round "3"]
[White "Bachner, Karsten"]
[Black "Liepold, Stefan"]
[Result "0-1"]
[WhiteElo "1938"]
[BlackElo "2182"]
[PlyCount "66"]
[EventDate "2014.12.26"]
[EventType "swiss"]
[EventRounds "7"]
[EventCountry "AUT"]
[SourceTitle "OM OTB B 201907"]
[Source "Opening Master"]
[SourceDate "2019.07.06"]
[SourceVersion "2"]
[SourceVersionDate "2019.07.06"]
[SourceQuality "1"]

1. e4 c5 2. Nf3 d6 3. d4 cxd4 4. Nxd4 Nf6 5. Nc3 Nc6 6. Be2 e5 7. Nb3 Be7 8.
Be3 Be6 9. O-O O-O 10. Bf3 a5 11. Nd5 a4 12. Bb6 Qd7 13. Nd2 Bxd5 14. exd5 Nb4
15. c4 a3 16. b3 Rfc8 17. Ne4 Nxe4 18. Bxe4 f5 19. Qd2 Na6 20. Bc2 Bd8 21. Bxd8
Rxd8 22. Rac1 Rf8 23. Rfe1 b5 24. cxb5 Qxb5 25. Bd3 Qb4 26. Qg5 h6 27. Qh5 Nc5
28. Bxf5 Qf4 29. g4 Nd3 30. Qg6 Qxf2+ 31. Kh1 Qf3+ 32. Kg1 Rxf5 33. gxf5 Nf4
0-1

[Event "Lisbon Christmas op"]
[Site "Lisbon"]
[Date "2014.12.27"]
[Round "2"]
[White "Burg, Henk"]
[Black "Langedijk, Ardjan"]
[Result "0-1"]
[WhiteElo "1801"]
[BlackElo "2124"]
[PlyCount "38"]
[EventDate "2014.12.26"]
[EventType "swiss"]
[EventRounds "9"]
[EventCountry "POR"]
[SourceTitle "OM OTB B 201907"]
[Source "Opening Master"]
[SourceDate "2019.07.06"]
[SourceVersion "2"]
[SourceVersionDate "2019.07.06"]
[SourceQuality "1"]

1. e4 c5 2. Nf3 d6 3. d4 cxd4 4. Nxd4 Nf6 5. Nc3 Nc6 6. Be2 e5 7. Nb3 Be7 8.
O-O O-O 9. Be3 Be6 10. f3 d5 11. exd5 Nxd5 12. Nxd5 Qxd5 13. Qxd5 Bxd5 14. c4
Be6 15. Nc5 Bc8 16. a3 Nd4 17. Bxd4 exd4 18. Nb3 b6 19. Nxd4 Bc5 0-1

[Event "Al Ain op 3rd"]
[Site "Al Ain"]
[Date "2014.12.24"]
[Round "7"]
[White "Abdulla, Khayala Mardan Qizi"]
[Black "Sultan, Ibrahim"]
[Result "1-0"]
[WhiteElo "2299"]
[BlackElo "2062"]
[PlyCount "57"]
[EventDate "2014.12.19"]
[EventType "swiss"]
[EventRounds "9"]
[EventCountry "UAE"]
[SourceTitle "OM OTB B 201907"]
[Source "Opening Master"]
[SourceDate "2019.07.06"]
[SourceVersion "2"]
[SourceVersionDate "2019.07.06"]
[SourceQuality "1"]

1. e4 c5 2. Nf3 d6 3. d4 cxd4 4. Nxd4 Nf6 5. Nc3 Nc6 6. Be2 e5 7. Nb3 Be7 8.
Be3 Be6 9. O-O d5 10. exd5 Nxd5 11. Nxd5 Bxd5 12. f4 exf4 13. Bxf4 Qb6+ 14. Kh1
Rd8 15. Qe1 Nb4 16. c4 Be4 17. Bh5 Bg6 18. c5 Qb5 19. Bd6 Rd7 20. a4 Qc4 21.
Rf4 Qxf4 22. Bxf4 Nd3 23. Qe3 Nxf4 24. Qxf4 Bxh5 25. Qb8+ Rd8 26. Qxb7 f6 27.
Qb5+ Kf7 28. Qc4+ Kg6 29. g4 1-0

[Event "OP-03597"]
[Site "LSS"]
[Date "2014.12.24"]
[Round "?"]
[White "Vontina, Maria"]
[Black "Nowak, Mathias"]
[Result "0-1"]
[WhiteElo "717"]
[BlackElo "1181"]
[PlyCount "68"]
[EventDate "2014.12.21"]
[SourceTitle "LSS to Dec2020"]
[Source "LSS ed TH"]
[SourceDate "2021.01.12"]
[SourceVersion "3"]
[SourceVersionDate "2021.01.12"]
[SourceQuality "1"]

1. e4 c5 2. Nf3 d6 3. d4 cxd4 4. Nxd4 Nf6 5. Nc3 Nc6 6. Be2 e5 7. Nb3 Be7 8.
O-O O-O 9. Be3 Be6 10. f3 d5 11. exd5 Nxd5 12. Nxd5 Bxd5 13. c3 b6 14. Qe1 Qc7
15. Rd1 Rad8 16. Nc1 Be6 17. Qf2 Na5 18. Bd3 Nc4 19. Bxc4 Bxc4 20. Rfe1 Rd7 21.
Rxd7 Qxd7 22. b3 Ba6 23. c4 Bb4 24. Rf1 Bb7 25. Qc2 Rd8 26. Ne2 f5 27. Bf2 e4
28. fxe4 Bxe4 29. Qc1 Bd2 30. Qd1 f4 31. Nc1 Qf5 32. a3 Qg5 33. g3 fxg3 34.
Bxg3 Be3+ 0-1

[Event "Al Ain op 3rd"]
[Site "Al Ain"]
[Date "2014.12.23"]
[Round "6"]
[White "Firouzja, Alireza"]
[Black "Sultan, Ibrahim"]
[Result "1-0"]
[WhiteElo "2332"]
[BlackElo "2062"]
[PlyCount "71"]
[EventDate "2014.12.19"]
[EventType "swiss"]
[EventRounds "9"]
[EventCountry "UAE"]
[SourceTitle "OM OTB B 201907"]
[Source "Opening Master"]
[SourceDate "2019.07.06"]
[SourceVersion "2"]
[SourceVersionDate "2019.07.06"]
[SourceQuality "1"]

1. e4 c5 2. Nf3 d6 3. d4 cxd4 4. Nxd4 Nf6 5. Nc3 Nc6 6. Be2 e5 7. Nb3 h6 8. O-O
Be7 9. f4 exf4 10. Bxf4 Be6 11. Qe1 O-O 12. Qg3 Ne8 13. Rad1 Bh4 14. Qf3 g5 15.
Bg3 g4 16. Qf2 Bxg3 17. Qxg3 Qg5 18. Nd5 Rd8 19. Nf4 Nf6 20. Bd3 Rfe8 21. Rde1
Bxb3 22. axb3 Ne5 23. Ne2 Nxd3 24. cxd3 Re5 25. Qf2 Kg7 26. Ng3 d5 27. Nf5+ Kg6
28. Qd4 Rde8 29. Nd6 R8e7 30. Rf5 Qd2 31. Ref1 Rxf5 32. Nxf5 Re6 33. Nh4+ Kg7
34. exd5 Ra6 35. d6 Qg5 36. d7 1-0

[Event "EU-ch rapid"]
[Site "Wroclaw"]
[Date "2014.12.21"]
[Round "8"]
[White "Gergacz, Attila"]
[Black "Dmochowska, Agnieszka"]
[Result "0-1"]
[WhiteElo "2352"]
[BlackElo "1916"]
[PlyCount "87"]
[EventDate "2014.12.20"]
[EventType "swiss (rapid)"]
[EventRounds "11"]
[EventCountry "POL"]
[SourceTitle "OM OTB B 201907"]
[Source "Opening Master"]
[SourceDate "2019.07.06"]
[SourceVersion "2"]
[SourceVersionDate "2019.07.06"]
[SourceQuality "1"]

1. e4 c5 2. Nf3 Nc6 3. d4 cxd4 4. Nxd4 Nf6 5. Nc3 d6 6. Be2 e5 7. Nb3 Be7 8.
O-O O-O 9. Bf3 a5 10. Be3 a4 11. Nd2 Be6 12. Nd5 Nd4 13. Nc4 Bxd5 14. exd5
Nxf3+ 15. Qxf3 b5 16. Na3 Qa5 17. Rfd1 Rfc8 18. Qe2 b4 19. Nc4 Qb5 20. b3 Nxd5
21. Rd3 axb3 22. cxb3 e4 23. Rd4 Bf6 24. Rad1 Nc3 25. Qg4 h5 26. Qh3 Ne2+ 27.
Kh1 Nxd4 28. Bxd4 Bxd4 29. Rxd4 Qc5 30. Rd1 Qxf2 31. Qxh5 Rxa2 32. Qg4 Rca8 33.
h3 e3 34. Nxe3 Qxe3 35. Kh2 Qe5+ 36. Qg3 Qxg3+ 37. Kxg3 R8a3 38. Rxd6 Rxb3+ 39.
Kf4 Rxg2 40. h4 Rh3 41. Ke5 b3 42. Rb6 b2 43. Kd6 Rh1 44. Ke7 0-1

[Event "Zadar op-B"]
[Site "Zadar"]
[Date "2014.12.15"]
[Round "2"]
[White "Ladisic, Alex Sacha"]
[Black "Solic, Kristina"]
[Result "0-1"]
[WhiteElo "2007"]
[BlackElo "2173"]
[PlyCount "99"]
[EventDate "2014.12.14"]
[EventType "swiss"]
[EventRounds "9"]
[EventCountry "CRO"]
[SourceTitle "OM OTB B 201907"]
[Source "Opening Master"]
[SourceDate "2019.07.06"]
[SourceVersion "2"]
[SourceVersionDate "2019.07.06"]
[SourceQuality "1"]

1. e4 c5 2. Nf3 d6 3. d4 cxd4 4. Nxd4 Nf6 5. Nc3 Nc6 6. Be2 e5 7. Nb3 Be7 8.
O-O O-O 9. Re1 a5 10. Bf3 a4 11. Nd2 Be6 12. Nf1 Nd4 13. Ne3 b5 14. Ncd5 Bxd5
15. exd5 g6 16. c3 Nxf3+ 17. Qxf3 Qd7 18. Nc2 Rfe8 19. Nb4 Rac8 20. Bd2 Rc5 21.
Be3 Rc4 22. Rac1 Rec8 23. Bg5 e4 24. Qe3 Ng4 25. Qd2 Bxg5 26. Qxg5 Ne5 27. Rcd1
f5 28. a3 Qd8 29. Qxd8+ Rxd8 30. Rd2 Rc5 31. Rd4 Re8 32. Kf1 Kf7 33. Re2 Nc4
34. Ke1 Re5 35. Kd1 g5 36. Kc1 Nb6 37. g4 Nxd5 38. gxf5 Nf4 39. Re3 d5 40. Kd2
Rxf5 41. Rg3 Ne6 42. Ke3 Nxd4 43. Kxd4 Rc4+ 44. Ke3 h5 45. Nc2 h4 46. Rg2 Re5
47. Nd4 Rc5 48. Rg4 Kf6 49. h3 Re8 50. Rg1 0-1

[Event "Madrid-chT 1415"]
[Site "Madrid"]
[Date "2014.12.14"]
[Round "3.2"]
[White "Hinojar Diez, David"]
[Black "Barranco Sanz, Luis Miguel"]
[Result "0-1"]
[WhiteElo "2164"]
[BlackElo "1988"]
[PlyCount "116"]
[EventDate "2014.11.23"]
[EventType "team-tourn"]
[EventRounds "14"]
[EventCountry "ESP"]
[SourceTitle "OM OTB B 201907"]
[Source "Opening Master"]
[SourceDate "2019.07.06"]
[SourceVersion "2"]
[SourceVersionDate "2019.07.06"]
[SourceQuality "1"]

1. e4 c5 2. Nf3 d6 3. d4 cxd4 4. Nxd4 Nf6 5. Nc3 Nc6 6. Be2 e5 7. Nf3 Be7 8. h3
O-O 9. Be3 Be6 10. Ng5 d5 11. exd5 Bxd5 12. O-O h6 13. Nf3 Be6 14. Qxd8 Rfxd8
15. Rfd1 Rxd1+ 16. Rxd1 Rd8 17. Rxd8+ Bxd8 18. Bb5 e4 19. Bxc6 bxc6 20. Nd2 Bb6
21. Bxb6 axb6 22. a4 Bf5 23. Nc4 Nd7 24. Ne3 Bh7 25. b4 Kf8 26. Ne2 Ke7 27. c4
Kd6 28. Kf1 f5 29. Ke1 Ne5 30. b5 cxb5 31. cxb5 Nd3+ 32. Kf1 Kc5 33. g3 g6 34.
Nc3 Bg8 35. Ke2 Kd4 36. Kd2 Bb3 37. h4 h5 38. Ng2 Kc5 39. f3 exf3 40. Ne3 Ne5
41. Ke1 Nd3+ 42. Kd2 Nb2 43. Ke1 Nxa4 44. Nxa4+ Bxa4 45. Kf2 Bxb5 46. Kxf3 Be8
47. Kf4 Kd4 48. Nc2+ Kc3 49. Ne3 Kd4 50. Nc2+ Kd3 51. Nb4+ Kc4 52. Na6 b5 53.
Ke3 b4 54. Kd2 b3 55. Kc1 Bf7 56. Nc7 Kd4 57. Kd2 Ke4 58. Nb5 Kf3 0-1

[Event "HUN-chT2 Breyer 1415"]
[Site "Hungary"]
[Date "2014.12.14"]
[Round "?"]
[White "Vagvolgyi, Istvan"]
[Black "Mester, Attila"]
[Result "0-1"]
[WhiteElo "1902"]
[BlackElo "2014"]
[PlyCount "78"]
[EventDate "2014.09.07"]
[EventType "team-tourn"]
[EventRounds "11"]
[EventCountry "HUN"]
[SourceTitle "OM OTB B 201907"]
[Source "Opening Master"]
[SourceDate "2019.07.06"]
[SourceVersion "2"]
[SourceVersionDate "2019.07.06"]
[SourceQuality "1"]

1. e4 c5 2. Nf3 Nc6 3. Nc3 d6 4. d4 cxd4 5. Nxd4 Nf6 6. Be2 e5 7. Nf3 h6 8. O-O
Be7 9. h3 O-O 10. Be3 Be6 11. Nh2 d5 12. exd5 Nxd5 13. Nxd5 Qxd5 14. Qxd5 Bxd5
15. Rfd1 Rfd8 16. c3 Be6 17. Kf1 f5 18. f4 e4 19. Kf2 Kf7 20. Nf1 Rxd1 21. Bxd1
a5 22. Nd2 a4 23. Be2 a3 24. b3 Bf6 25. Rc1 Na5 26. Bd4 Bxd4+ 27. cxd4 Nc6 28.
Nb1 Nxd4 29. Rc7+ Kf6 30. Rxb7 Nxb3 31. Nxa3 Rxa3 32. axb3 Rxb3 33. Rc7 g5 34.
Rc6 Rb2 35. fxg5+ hxg5 36. Ke1 Ke5 37. g3 g4 38. Rc5+ Kd4 39. hxg4 fxg4 0-1

[Event "World ol U16"]
[Site "Gyor"]
[Date "2014.12.13"]
[Round "1.4"]
[White "Vasova, Mariya"]
[Black "Sieber, Fiona"]
[Result "0-1"]
[WhiteElo "2031"]
[BlackElo "2019"]
[PlyCount "90"]
[EventDate "2014.12.13"]
[EventType "team-swiss"]
[EventRounds "10"]
[EventCountry "HUN"]
[SourceTitle "OM OTB B 201907"]
[Source "Opening Master"]
[SourceDate "2019.07.06"]
[SourceVersion "2"]
[SourceVersionDate "2019.07.06"]
[SourceQuality "1"]

1. e4 c5 2. Nf3 d6 3. d4 cxd4 4. Nxd4 Nf6 5. Nc3 Nc6 6. Be2 e5 7. Nf3 h6 8. O-O
Be7 9. Re1 O-O 10. h3 Be6 11. Bf1 Nb8 12. b3 a6 13. a4 Qc7 14. Bb2 Nbd7 15. Nd2
Rac8 16. Nc4 Nc5 17. Qf3 Nh7 18. Qd1 f5 19. Nd5 Bxd5 20. Qxd5+ Kh8 21. exf5
Rxf5 22. Ne3 Rff8 23. Rad1 Nf6 24. Qc4 Qb6 25. Qe2 Qc6 26. Nf5 Rc7 27. Nxe7
Rxe7 28. Ba3 Nfe4 29. Bxc5 Nxc5 30. Qg4 d5 31. Qh4 Ree8 32. Bd3 e4 33. Be2 Ne6
34. Bh5 Rd8 35. Rd2 Kh7 36. Qg4 Nf4 37. Qd1 d4 38. Bg4 h5 39. Bxh5 e3 40. Bf3
Nxh3+ 41. Kf1 exd2 42. Qxd2 Rxf3 43. gxf3 Qxf3 44. Re5 Nf4 45. Rg5 Re8 0-1

[Event "CAMPEONATO PARAIBANO DE XADREZ - ID FID"]
[Site "?"]
[Date "2014.11.29"]
[Round "?"]
[White "Felix, Dieggo Guerra"]
[Black "Barros, Ubirajara Barbosa"]
[Result "1-0"]
[WhiteElo "1701"]
[BlackElo "1553"]
[PlyCount "67"]
[EventDate "2014.??.??"]
[SourceTitle "OM OTB B 201907"]
[Source "Opening Master"]
[SourceDate "2019.07.06"]
[SourceVersion "2"]
[SourceVersionDate "2019.07.06"]
[SourceQuality "1"]

1. e4 c5 2. Nf3 d6 3. d4 cxd4 4. Nxd4 Nf6 5. Nc3 Nc6 6. Be2 e5 7. Nb3 Be7 8.
Be3 O-O 9. Qd2 Ng4 10. Bxg4 Bxg4 11. f3 Be6 12. Nd5 Rc8 13. c4 b6 14. Rd1 f5
15. exf5 Bxf5 16. Nxe7+ Nxe7 17. Qb4 Nc6 18. Qxd6 Qh4+ 19. Bf2 Qxc4 20. Qd5+
Qxd5 21. Rxd5 Nb4 22. Rb5 Nc2+ 23. Ke2 Rfd8 24. Rd1 Rxd1 25. Kxd1 Rd8+ 26. Kc1
Rc8 27. Kd1 Rd8+ 28. Nd2 Bg6 29. a3 e4 30. fxe4 Bxe4 31. Re5 Bg6 32. Re7 Rf8
33. Bg1 Rf1+ 34. Nxf1 1-0

[Event "Yangon Zaw Win Lay Memorial"]
[Site "Yangon"]
[Date "2014.11.24"]
[Round "2"]
[White "Nakvanich, Sahapol"]
[Black "Htun, Htun Than"]
[Result "0-1"]
[WhiteElo "1841"]
[BlackElo "2344"]
[PlyCount "80"]
[EventDate "2014.11.24"]
[EventType "swiss"]
[EventRounds "9"]
[EventCountry "MYA"]
[SourceTitle "OM OTB B 201907"]
[Source "Opening Master"]
[SourceDate "2019.07.06"]
[SourceVersion "2"]
[SourceVersionDate "2019.07.06"]
[SourceQuality "1"]

1. e4 c5 2. Nf3 Nc6 3. d4 cxd4 4. Nxd4 Nf6 5. Nc3 d6 6. Be2 e5 7. Nb3 Be7 8.
O-O O-O 9. Be3 a5 10. a4 Nb4 11. f3 Be6 12. Kh1 Rc8 13. Rc1 d5 14. exd5 Nfxd5
15. Nxd5 Nxd5 16. Bd2 b6 17. Bb5 Nb4 18. Bxb4 Bxb4 19. Qe2 Qc7 20. Nd2 Rfd8 21.
c3 Be7 22. Rfe1 h6 23. Rcd1 Bh4 24. g3 Bg5 25. Ne4 Be7 26. Qe3 Bb3 27. Rxd8+
Rxd8 28. c4 Bb4 29. Rc1 Bd1 30. Nc3 Bxc3 31. Rxc3 Qc5 32. Qxc5 bxc5 33. Bc6 Rd2
34. Be4 Kf8 35. Rd3 Rxd3 36. Bxd3 Bxf3+ 37. Kg1 Ke7 38. Bc2 Ke6 39. Kf2 Bc6 40.
Ke3 f5 0-1

[Event "Pozarevac Karaklajic Memorial (Women)"]
[Site "Pozarevac"]
[Date "2014.11.22"]
[Round "5"]
[White "Rendi, Eva"]
[Black "Stojkovska, Monika"]
[Result "1/2-1/2"]
[WhiteElo "2089"]
[BlackElo "2057"]
[PlyCount "88"]
[EventDate "2014.11.19"]
[EventType "tourn"]
[EventRounds "9"]
[EventCountry "SRB"]
[SourceTitle "OM OTB B 201907"]
[Source "Opening Master"]
[SourceDate "2019.07.06"]
[SourceVersion "2"]
[SourceVersionDate "2019.07.06"]
[SourceQuality "1"]

1. e4 c5 2. Nf3 d6 3. d4 cxd4 4. Nxd4 Nf6 5. Nc3 Nc6 6. Be2 e5 7. Nf3 h6 8. h3
Be7 9. Be3 Be6 10. O-O O-O 11. Nh2 d5 12. exd5 Nxd5 13. Nxd5 Qxd5 14. c3 f5 15.
f4 Bc5 16. Qc1 exf4 17. Rxf4 Qe5 18. Bxc5 Qxc5+ 19. Kh1 Rad8 20. Rf1 Bd5 21.
Bf3 Bc4 22. Rd1 Ne5 23. Qc2 Nd3 24. Rd2 Rd7 25. b3 Ba6 26. c4 Rfd8 27. Bd5+
Rxd5 28. cxd5 Qxd5 29. Nf3 b6 30. Ne1 Qe4 31. Nxd3 Rxd3 32. Rxd3 Bxd3 33. Qf2
Qc6 34. Rd1 Be4 35. Rd8+ Kh7 36. Qd2 Qg6 37. Rd7 Qg3 38. Qe2 Qxh3+ 39. Kg1 Qg3
40. Rxa7 Qg5 41. Ra4 Qc1+ 42. Kh2 Qf4+ 43. Kg1 Qc1+ 44. Kh2 Qf4+ 1/2-1/2

[Event "Sharjah op"]
[Site "Sharjah"]
[Date "2014.11.19"]
[Round "5"]
[White "Hamdan, Marshool"]
[Black "El Jawich, Amro"]
[Result "0-1"]
[WhiteElo "1763"]
[BlackElo "2249"]
[PlyCount "120"]
[EventDate "2014.11.15"]
[EventType "swiss"]
[EventRounds "9"]
[EventCountry "UAE"]
[SourceTitle "OM OTB B 201907"]
[Source "Opening Master"]
[SourceDate "2019.07.06"]
[SourceVersion "2"]
[SourceVersionDate "2019.07.06"]
[SourceQuality "1"]

1. e4 c5 2. Nf3 d6 3. d4 cxd4 4. Nxd4 Nf6 5. Nc3 Nc6 6. Be2 e5 7. Nxc6 bxc6 8.
Bg5 Rb8 9. Bc4 Be6 10. Bb3 Be7 11. O-O O-O 12. Qd3 Ng4 13. Bxe7 Qxe7 14. f3 Nf6
15. Rad1 Rfd8 16. Qa6 Qc7 17. Bxe6 fxe6 18. b3 d5 19. Rfe1 Rb4 20. a3 Rd4 21.
exd5 Rxd1 22. Rxd1 exd5 23. Na4 e4 24. Nc5 exf3 25. Ne6 f2+ 26. Kf1 Qc8 27.
Qxc8 Rxc8 28. Kxf2 Ne4+ 29. Kg1 Kf7 30. Nd4 Kf6 31. c4 c5 32. Rf1+ Ke5 33. Nf3+
Kd6 34. cxd5 Rb8 35. Re1 Nf6 36. Nd2 Kxd5 37. Re7 Kd4 38. Rxg7 Kc3 39. Nf3 Kxb3
40. Rxa7 c4 41. Nd4+ Kc3 42. Nc6 Rb6 43. Nb4 Kb3 44. Kf2 c3 45. Ke2 Re6+ 46.
Kd3 Rd6+ 47. Ke3 h5 48. Rc7 Nd5+ 49. Nxd5 Rxd5 50. a4 c2 51. Ke4 Rd1 52. Kf4
c1=Q+ 53. Rxc1 Rxc1 54. Kg5 Rc5+ 55. Kh4 Kc4 56. h3 Kd4 57. g4 hxg4 58. hxg4
Ke4 59. g5 Kf5 60. Kh5 Ke5 0-1

[Event "Novokuznetsk SFO-ch U19 Girls"]
[Site "Novokuznetsk"]
[Date "2014.11.09"]
[Round "8"]
[White "Evtina, Diana"]
[Black "Vysotskaya, Elizaveta"]
[Result "1-0"]
[WhiteElo "1874"]
[BlackElo "800"]
[PlyCount "45"]
[EventDate "2014.11.02"]
[EventType "swiss"]
[EventRounds "9"]
[EventCountry "RUS"]
[SourceTitle "CBM 163 Extra"]
[Source "ChessBase"]
[SourceDate "2014.12.23"]
[SourceVersion "1"]
[SourceVersionDate "2014.12.23"]
[SourceQuality "1"]

1. e4 c5 2. Nf3 Nc6 3. d4 cxd4 4. Nxd4 Nf6 5. Nc3 d6 6. Be2 e5 7. Nb3 Be7 8.
O-O Be6 9. Bg5 Nxe4 10. Nxe4 Bxg5 11. Nxd6+ Ke7 12. Nxb7 Qc7 13. N7c5 Bf5 14.
Bg4 Rad8 15. Nd3 Bg6 16. Qe2 Rhe8 17. f4 Nd4 18. Nxd4 Rxd4 19. fxg5 Kf8 20.
Rad1 Qb6 21. Kh1 Re4 22. Qf3 Re3 23. Qf2 1-0

[Event "SVK-chT2C 1415"]
[Site "Slovakia"]
[Date "2014.11.09"]
[Round "4.4"]
[White "Kerdik, Adam"]
[Black "Ondras, Juraj"]
[Result "0-1"]
[WhiteElo "1997"]
[BlackElo "2023"]
[PlyCount "118"]
[EventDate "2014.10.11"]
[EventType "team-tourn"]
[EventRounds "11"]
[EventCountry "SVK"]
[SourceTitle "OM OTB B 201907"]
[Source "Opening Master"]
[SourceDate "2019.07.06"]
[SourceVersion "2"]
[SourceVersionDate "2019.07.06"]
[SourceQuality "1"]

1. e4 c5 2. Nf3 d6 3. d4 cxd4 4. Nxd4 Nf6 5. Nc3 Nc6 6. Be2 e5 7. Nb3 Be7 8.
O-O O-O 9. f4 a5 10. a4 Re8 11. f5 Nb4 12. Bg5 Bd7 13. Bxf6 Qb6+ 14. Kh1 Bxf6
15. Nd5 Nxd5 16. Qxd5 Bc6 17. Qxd6 Red8 18. Qc5 Qxc5 19. Nxc5 b6 20. Nb3 Bxe4
21. Bf3 Bxf3 22. Rxf3 Rac8 23. c3 Bg5 24. Kg1 Rc4 25. h3 Kf8 26. Kf2 e4 27. Re3
Bxe3+ 28. Kxe3 Rd3+ 29. Ke2 Ke7 30. Nd2 Rxd2+ 31. Kxd2 Kf6 32. b3 Rc5 33. g4
Kg5 34. b4 Rc4 35. Rb1 Kf4 36. bxa5 bxa5 37. Rb7 Rxa4 38. Rxf7 Ra2+ 39. Kd1 e3
40. f6 gxf6 41. Rxf6+ Kg3 42. Rh6 Kf3 43. Rf6+ Ke4 44. Rf7 Kd3 45. Rd7+ Kxc3
46. Rxh7 a4 47. g5 a3 48. g6 Rg2 49. Ra7 a2 50. g7 Rxg7 51. Rxa2 Rg1+ 52. Ke2
Rg2+ 53. Kxe3 Rxa2 54. Kf4 Kd4 55. h4 Ra5 56. Kg4 Ke5 57. Kg5 Ke6+ 58. Kg6 Ke7
59. h5 Kf8 0-1

[Event "Mediterranean op 7th"]
[Site "Rijeka"]
[Date "2014.11.09"]
[Round "2"]
[White "Zrilic, Bozo"]
[Black "Jelecevic, Ivo"]
[Result "0-1"]
[WhiteElo "1922"]
[BlackElo "2150"]
[PlyCount "56"]
[EventDate "2014.11.08"]
[EventType "swiss"]
[EventRounds "9"]
[EventCountry "CRO"]
[SourceTitle "OM OTB B 201907"]
[Source "Opening Master"]
[SourceDate "2019.07.06"]
[SourceVersion "2"]
[SourceVersionDate "2019.07.06"]
[SourceQuality "1"]

1. e4 c5 2. Nf3 d6 3. d4 cxd4 4. Nxd4 Nf6 5. Nc3 Nc6 6. Be2 e5 7. Nf5 Nxe4 8.
Nxg7+ Bxg7 9. Nxe4 d5 10. Ng3 Be6 11. c3 Qe7 12. Qa4 O-O 13. Nh5 f5 14. Nxg7
Qxg7 15. Qh4 f4 16. Bd2 Ne7 17. g4 Ng6 18. Qh3 e4 19. O-O-O Rac8 20. Kb1 a6 21.
Rhg1 b5 22. Qh5 Rc6 23. g5 d4 24. cxd4 Qxd4 25. Bc3 Qa4 26. a3 Rxc3 27. Bg4
Qc2+ 28. Ka1 Rxa3+ 0-1

[Event "SE-00180"]
[Site "LSS"]
[Date "2014.10.28"]
[Round "?"]
[White "Wilshusen, Horst"]
[Black "Sorensen, Sabrina"]
[Result "1-0"]
[WhiteElo "1320"]
[BlackElo "1164"]
[PlyCount "35"]
[EventDate "2014.08.30"]
[SourceTitle "LSS to Dec2020"]
[Source "LSS ed TH"]
[SourceDate "2021.01.12"]
[SourceVersion "3"]
[SourceVersionDate "2021.01.12"]
[SourceQuality "1"]

1. e4 c5 2. Nf3 d6 3. d4 cxd4 4. Nxd4 Nf6 5. Nc3 Nc6 6. Be2 e5 7. Nxc6 bxc6 8.
O-O Be7 9. f4 O-O 10. f5 d5 11. exd5 cxd5 12. Na4 Bd7 13. c3 Qa5 14. b3 Bxa4
15. bxa4 Ne4 16. Bf3 Nxc3 17. Qe1 e4 18. Bg4 1-0

[Event "Sautron op 14th"]
[Site "Sautron"]
[Date "2014.10.26"]
[Round "3"]
[White "Picard, Remi"]
[Black "Sochacki, Christophe"]
[Result "0-1"]
[WhiteElo "2092"]
[BlackElo "2412"]
[PlyCount "72"]
[EventDate "2014.10.26"]
[EventType "swiss"]
[EventRounds "9"]
[EventCountry "FRA"]
[SourceTitle "OM OTB B 201907"]
[Source "Opening Master"]
[SourceDate "2019.07.06"]
[SourceVersion "2"]
[SourceVersionDate "2019.07.06"]
[SourceQuality "1"]

1. e4 c5 2. Nf3 d6 3. d4 cxd4 4. Nxd4 Nf6 5. Nc3 Nc6 6. Be2 e5 7. Nf3 h6 8. h3
Be7 9. O-O O-O 10. Re1 Be6 11. Bf1 Nb8 12. Nd5 Nxd5 13. exd5 Bf5 14. Be3 Bg6
15. c4 Nd7 16. b4 f5 17. g3 Bh5 18. Be2 g5 19. g4 Bg6 20. gxf5 Bxf5 21. Nh2
Bxh3 22. Bg4 Bxg4 23. Qxg4 Nf6 24. Qe6+ Kg7 25. c5 Re8 26. Ng4 dxc5 27. Nxh6
Kxh6 28. Bxg5+ Kg7 29. Qxe5 Qd7 30. Re3 Bd8 31. Bxf6+ Bxf6 32. Rg3+ Kf7 33.
Qh5+ Kf8 34. Qh6+ Bg7 35. Qh7 Qf7 36. Kg2 Bxa1 0-1